000 00911nam a22002775a 4500
008 090426s2006 uk a|||fr|||| 001 0 eng d
010 _a010035805
020 _a0077109899
020 _a9780077109899
040 _aEG-ScBuE
_beng
_cEG-ScBuE
082 _a005.1068
_bHUG
_222
100 1 _aHughes,Bob.
_94317
245 _aSoftware Project Management/
_cBob Hughes , Mike Cotterell.
250 _a4th ed.
260 _aLondon.
_bMcGraw Hill,
_cc.2006.
300 _a358 p. :
_b ill. ;
_c25 cm
500 _aIndex : p.347-357.
590 _ayassmeen ashraf
600 _aBob Hughes and Mike Cotterell.
_94318
650 _aSoftware Engineering.
_94319
_2BUEsh
651 _2BUEsh
653 _bCOMSCI
_cAugust2015
655 _aSoftware Project Management- year 3.
_vtext book
_xComputer Science
_ySemester 2. 2008/2009
700 1 _aCotterell, Mike
_912205
942 _cBB
_k005.1068 HUG
_2ddc
999 _c2406
_d2406